The Cornley Polytechnic Drama Society - Statistics

General Stats
  • This quiz has been taken 8 times
  • The average score is 7 of 10
Answer Stats
Character Original Actor Character Hint % Correct
Trevor Watson Rob Falconer/Chris Leask Technical Director
100%
Annie Twilloil Nancy Zamit Actress who can play both men and women in roles
83%
Chris Bean Henry Shields Long Suffering Director
83%
Robert Grove Henry Lewis Anything you can act, I can act louder
83%
Dennis Tyde Jonathan Sayer Tends to forget his lines
67%
Lucy Grove Daisy Waterstone The niece of a very loud character
67%
Sandra Wilkinson Charlie Russell Likes to look at the audience flirtatiously
67%
Vanessa Wilcock-Wynn-Carraway Bryony Corrigan Cannot improvise, often hit in the head by props
67%
Max Bennett Dave Hearn Likes to look at the audience and laugh
50%
Jonathan Harris Greg Tannahill Gets stuck in doors (or chimneys)
33%
No matching quizzes found
Score Distribution
Percent of People with Each Score
Percentile by Number Answered
Your Score History
You have not taken this quiz